[Event "2015 Alberta Closed"]
[Site "Calgary"]
[Date "2015.04.04"]
[Round "2.2"]
[White "Ng, Gary"]
[Black "Kazmaier, Daniel"]
[Result "1-0"]
[WhiteElo "2320"]
[BlackElo "2312"]
[PlyCount "69"]
[EventDate "2015.04.03"]
[EventType "tourn"]
[EventRounds "5"]
[EventCountry "CAN"]

1. b4 e5 2. Bb2 Bxb4 3. Bxe5 Nf6 4. c4 O-O 5. Nf3 d5 6. e3 Re8 7. Bb2 Bf5 8.
Qb3 Nc6 9. Be2 Ne4 10. cxd5 Nc5 11. Qc4 Re4 12. Bd4 b5 13. Qxb5 Rb8 14. Qxc6
Rb6 15. Qxc5 Bxc5 16. Bxc5 Rg6 17. Nc3 Rxg2 18. Bxa7 Rb4 19. Bc5 Rb8 20. a4 Qf6
21. Bd4 Qg6 22. Be5 Be4 23. Kf1 Rg4 24. Bxc7 Ra8 25. Ne5 Qg5 26. f3 Rh4 27.
Nxe4 Rxe4 28. fxe4 Qf6+ 29. Bf3 Re8 30. Ke2 Rxe5 31. Bxe5 Qxe5 32. a5 Qb8 33.
a6 Qb5+ 34. Kf2 Qb2 35. a7 1-0

[Event "2015 Alberta Closed"]
[Site "Calgary"]
[Date "2015.04.04"]
[Round "3.2"]
[White "Kazmaier, Daniel"]
[Black "Yam, Alex"]
[Result "0-1"]
[WhiteElo "2312"]
[BlackElo "2367"]
[PlyCount "60"]
[EventDate "2015.04.03"]
[EventType "tourn"]
[EventRounds "5"]
[EventCountry "CAN"]

1. d4 Nf6 2. c4 g6 3. Nf3 Bg7 4. g3 O-O 5. Bg2 d5 6. cxd5 Nxd5 7. O-O c5 8.
dxc5 Na6 9. a3 Nxc5 10. Qc2 Qb6 11. Nfd2 Be6 12. e4 Nf6 13. Nc3 Rac8 14. h3
Rfd8 15. Kh2 Qa6 16. f4 b5 17. Qb1 Na4 18. Nxa4 bxa4 19. e5 Bf5 20. Qa2 Ne4 21.
Nf3 Rc2 22. Re1 Qc8 23. Ng1 Nf2 24. h4 Ng4+ 25. Kh1 Be6 26. Qb1 Nf2+ 27. Kh2
Ng4+ 28. Kh1 Qc6 29. Nf3 Bd5 30. Rf1 Bxf3 0-1

[Event "2015 Alberta Closed"]
[Site "Calgary"]
[Date "2015.04.05"]
[Round "4.1"]
[White "Arruebarrena, Rafael"]
[Black "Ng, Gary"]
[Result "0-1"]
[WhiteElo "2334"]
[BlackElo "2320"]
[PlyCount "114"]
[EventDate "2015.04.03"]
[EventType "tourn"]
[EventRounds "5"]
[EventCountry "CAN"]

1. e4 c6 2. d4 d5 3. Nd2 dxe4 4. Nxe4 Bf5 5. Ng3 Bg6 6. h4 h6 7. Nf3 Nd7 8. h5
Bh7 9. Bd3 Bxd3 10. Qxd3 e6 11. Bd2 Ngf6 12. O-O-O Be7 13. Kb1 c5 14. Ne4 Qb6
15. Ne5 cxd4 16. Nxd7 Nxd7 17. Qg3 Kf8 18. Bf4 Rc8 19. Rhe1 Nf6 20. Be5 Qc6 21.
Qd3 Nxh5 22. Qxd4 Qxc2+ 23. Ka1 Qc4 24. Qxa7 Nf6 25. Bxf6 gxf6 26. Qxb7 Rc7 27.
Qb6 Kg7 28. Nc3 Ra8 29. Re4 Qc5 30. Rg4+ Kh7 31. Qxc5 Bxc5 32. Rc4 Rg8 33. Ne4
Rgc8 34. Rdc1 Bb6 35. Rxc7 Rxc7 36. Rxc7 Bxc7 37. Nxf6+ Kg6 38. Nd7 Bd6 39. a4
Bb4 40. Ne5+ Kf5 41. Nc6 Be1 42. f3 Kf4 43. b4 Kg3 44. b5 Kxg2 45. b6 h5 46. a5
h4 47. a6 h3 48. a7 h2 49. a8=Q h1=Q 50. Kb2 Qh4 51. Qg8+ Kf1 52. Qxf7 Qf2+ 53.
Ka3 Qc5+ 54. Ka2 Qc4+ 55. Ka3 Bd2 56. Kb2 Bc1+ 57. Kb1 Qc3 0-1

[Event "2015 Alberta Closed"]
[Site "Calgary"]
[Date "2015.04.05"]
[Round "5.1"]
[White "Kazmaier, Daniel"]
[Black "Arruebarrena, Rafael"]
[Result "1/2-1/2"]
[WhiteElo "2312"]
[BlackElo "2334"]
[PlyCount "81"]
[EventDate "2015.04.03"]
[EventType "tourn"]
[EventRounds "5"]
[EventCountry "CAN"]

1. d4 Nf6 2. Bg5 Ne4 3. Bf4 d5 4. f3 Nf6 5. c4 e6 6. Nc3 Bd6 7. Bxd6 Qxd6 8. c5
Qe7 9. f4 O-O 10. b4 b6 11. e3 a5 12. a3 c6 13. Bd3 Ba6 14. Bc2 Nbd7 15. Nf3
Ng4 16. Ng5 f5 17. Qd2 e5 18. O-O-O axb4 19. axb4 bxc5 20. dxc5 Bc4 21. h3 Nh6
22. Bd3 Bb3 23. Bc2 Bc4 24. Bd3 Bxd3 25. Qxd3 Nf7 26. Nxf7 Qxf7 27. Kc2 Rab8
28. Rb1 Qg6 29. Rhg1 Rb7 30. g4 fxg4 31. Qxg6 hxg6 32. Rxg4 exf4 33. exf4 g5
34. b5 Nxc5 35. Rxg5 Rxf4 36. bxc6 Rf2+ 37. Kd1 Rxb1+ 38. Nxb1 Rf6 39. Nc3 Rxc6
40. Nxd5 Rd6 41. Ke1 1/2-1/2

[Event "2015 Alberta Closed"]
[Site "Calgary"]
[Date "2015.04.05"]
[Round "5.3"]
[White "Ng, Gary"]
[Black "Yam, Alex"]
[Result "0-1"]
[WhiteElo "2320"]
[BlackElo "2367"]
[PlyCount "82"]
[EventDate "2015.04.03"]
[EventType "tourn"]
[EventRounds "5"]
[EventCountry "CAN"]

1. b4 e5 2. Bb2 Bxb4 3. Bxe5 Nf6 4. c4 O-O 5. Nf3 Re8 6. e3 Nc6 7. Bb2 d5 8. a3
Bf8 9. cxd5 Nxd5 10. Be2 Na5 11. O-O c5 12. Ne5 Be6 13. Nc3 f6 14. Nf3 Rb8 15.
d4 a6 16. dxc5 Bxc5 17. Nxd5 Bxd5 18. Nd4 b5 19. Bc3 Nc4 20. Bb4 Bb6 21. Bf3 a5
22. Bc3 Nxe3 23. fxe3 Rxe3 24. Kh1 Rxc3 25. Nxb5 Rc5 26. a4 Bc4 27. Qxd8+ Rxd8
28. Rfc1 Bb3 29. Rcb1 Bc2 30. Rc1 Bf5 31. h3 h6 32. Kh2 Kh7 33. Kg3 Rd2 34.
Rxc5 Bxc5 35. Rd1 Ra2 36. Rd5 Bf2+ 37. Kf4 Bc2 38. Nc3 g5+ 39. Kg4 Kg6 40. Bd1
Bxd1+ 41. Nxd1 Ra3 0-1

[Event "2015 Alberta Reserves"]
[Site "Calgary"]
[Date "2015.04.04"]
[Round "1.1"]
[White "Nguyen, Kim"]
[Black "Kluytmans, Frank"]
[Result "1-0"]
[WhiteElo "2231"]
[BlackElo "1653"]
[PlyCount "71"]
[EventDate "2015.04.04"]
[EventType "swiss"]
[EventRounds "5"]
[EventCountry "CAN"]

1. e4 c5 2. Nf3 d6 3. d4 cxd4 4. Nxd4 Nf6 5. Nc3 e6 6. g4 Nfd7 7. Bg2 a6 8. Be3
Qc7 9. O-O Ne5 10. h3 Nbd7 11. Nde2 Nc4 12. Bc1 b5 13. b3 Ncb6 14. Bg5 Bb7 15.
Qd2 f6 16. Be3 Be7 17. Nf4 Rc8 18. Nce2 Qxc2 19. Qxc2 Rxc2 20. Nd4 Rc8 21.
Nfxe6 Kf7 22. f4 Nc5 23. Nxc5 dxc5 24. Nf5 Rhe8 25. Rad1 Bf8 26. Nd6+ Bxd6 27.
Rxd6 Re6 28. Rfd1 Ke7 29. Rxe6+ Kxe6 30. f5+ Ke5 31. Bf2 Kf4 32. Rd3 h5 33.
Bg3+ Kg5 34. h4+ Kh6 35. g5+ fxg5 36. Rd6+ 1-0

[Event "2015 Alberta Reserves"]
[Site "Calgary"]
[Date "2015.04.04"]
[Round "1.2"]
[White "Zhao, Ian"]
[Black "Shi, Diwen"]
[Result "0-1"]
[WhiteElo "1639"]
[BlackElo "2201"]
[PlyCount "130"]
[EventDate "2015.04.04"]
[EventType "swiss"]
[EventRounds "5"]
[EventCountry "CAN"]

1. e4 c5 2. c3 Nf6 3. e5 Nd5 4. d4 cxd4 5. cxd4 Nc6 6. Nf3 e6 7. Nc3 d6 8. exd6
Bxd6 9. Bb5 O-O 10. O-O Bd7 11. Nxd5 exd5 12. Be3 a6 13. Bd3 Bg4 14. Be2 Rc8
15. Rc1 Qd7 16. Qa4 Rfe8 17. a3 h6 18. Rfd1 Kh8 19. b4 Nxd4 20. Qxd7 Nxe2+ 21.
Kf1 Bxd7 22. Kxe2 Bb5+ 23. Kd2 Bc4 24. Re1 a5 25. Rb1 axb4 26. axb4 Ra8 27. Bd4
Ra2+ 28. Kc3 Rea8 29. Rb2 Rxb2 30. Kxb2 Bxb4 31. Ra1 Rxa1 32. Kxa1 f6 33. Kb2
Kh7 34. Kc2 Kg6 35. Nd2 b5 36. Nb1 Bf1 37. g3 Kf5 38. Nc3 Bc4 39. h4 Bd6 40.
Kd2 Be5 41. Bc5 d4 42. Ne2 Ke4 43. f4 Bc7 44. Nxd4 Ba5+ 45. Kc2 Kd5 46. Ba7 Ke4
47. Bc5 Be1 48. Nxb5 Bxb5 49. Bf8 h5 50. Bxg7 f5 51. Bf6 Bxg3 52. Kd2 Bxf4+ 53.
Ke1 Bg3+ 54. Kd2 f4 55. Bg5 f3 56. Be3 Be1+ 57. Kxe1 Kxe3 58. Kd1 f2 59. Kc2
f1=Q 60. Kc3 Qc1+ 61. Kb4 Kd4 62. Kxb5 Qc5+ 63. Ka4 Qb6 64. Ka3 Kc3 65. Ka2
Qb2# 0-1

[Event "2015 Alberta Reserves"]
[Site "Calgary"]
[Date "2015.04.04"]
[Round "1.5"]
[White "Persaud, Hemant"]
[Black "Sklenka, Steve"]
[Result "1-0"]
[WhiteElo "1764"]
[BlackElo "1585"]
[PlyCount "89"]
[EventDate "2015.04.04"]
[EventType "swiss"]
[EventRounds "5"]
[EventCountry "CAN"]

1. e4 c5 2. Nf3 d6 3. d4 cxd4 4. Nxd4 Nf6 5. Nc3 a6 6. Bc4 Nc6 7. Be3 e5 8. Nf3
Be7 9. h3 O-O 10. Qd2 b5 11. Bd5 Nxd5 12. Nxd5 Bb7 13. g4 Re8 14. O-O-O Na5 15.
b3 Bxd5 16. Qxd5 Rc8 17. Kb1 Nc6 18. c3 Qc7 19. Rd3 Nd8 20. Rc1 Qc6 21. Nd2
Qxd5 22. exd5 Nb7 23. Ne4 Rf8 24. c4 bxc4 25. bxc4 f5 26. gxf5 Rxf5 27. c5 dxc5
28. d6 Bd8 29. Bxc5 Nxc5 30. Rxc5 Rxc5 31. Nxc5 e4 32. Nxe4 Kf7 33. Kc2 Ke6 34.
Kc3 Rd5 35. Re3 Kd7 36. Kc4 Rf5 37. Rb3 Kc8 38. f3 Rh5 39. Nc5 Rxh3 40. Kd5
Rh5+ 41. Kc6 Rxc5+ 42. Kxc5 Kd7 43. Kd5 Bf6 44. Rb7+ Kc8 45. Kc6 1-0

[Event "2015 Alberta Reserves"]
[Site "Calgary"]
[Date "2015.04.04"]
[Round "2.2"]
[White "Shi, Diwen"]
[Black "Persaud, Hemant"]
[Result "1-0"]
[WhiteElo "2201"]
[BlackElo "1764"]
[PlyCount "55"]
[EventDate "2015.04.04"]
[EventType "swiss"]
[EventRounds "5"]
[EventCountry "CAN"]

1. e4 c5 2. Nf3 d6 3. d4 cxd4 4. Nxd4 Nf6 5. Nc3 a6 6. Be2 e6 7. Be3 Be7 8. Qd2
b5 9. a3 Bb7 10. f3 Nfd7 11. O-O-O Nb6 12. g4 N8d7 13. Nb3 Nc4 14. Bxc4 bxc4
15. Nd4 Rb8 16. g5 Nc5 17. Rde1 Qa5 18. h4 Na4 19. Nxa4 Qxa4 20. Qc3 O-O 21. h5
Bd8 22. Bd2 g6 23. Nxe6 fxe6 24. hxg6 hxg6 25. Rh8+ Kf7 26. Rh7+ Ke8 27. Qg7
Ba5 28. Qe7# 1-0

[Event "2015 Alberta Reserves"]
[Site "Calgary"]
[Date "2015.04.04"]
[Round "2.3"]
[White "Fellah, Mohamad"]
[Black "Zeggelaar, Mike"]
[Result "1/2-1/2"]
[WhiteElo "1902"]
[BlackElo "1969"]
[PlyCount "38"]
[EventDate "2015.04.04"]
[EventType "swiss"]
[EventRounds "5"]
[EventCountry "CAN"]

1. e4 e6 2. d4 d5 3. Nc3 Nf6 4. e5 Nfd7 5. f4 c5 6. Nf3 Nc6 7. Be3 Be7 8. Qd2
a6 9. dxc5 Nxc5 10. Qf2 Qa5 11. Bd2 Qb6 12. Be2 Qxb2 13. O-O Qxc2 14. Rfc1 Qg6
15. Be3 Nd3 16. Bxd3 Qxd3 17. Na4 O-O 18. Nb6 Rb8 19. Nd4 Bd8 1/2-1/2

[Event "2015 Alberta Reserves"]
[Site "Calgary"]
[Date "2015.04.04"]
[Round "2.4"]
[White "Kluytmans, Frank"]
[Black "Wang, Jeff"]
[Result "0-1"]
[WhiteElo "1653"]
[BlackElo "1621"]
[PlyCount "58"]
[EventDate "2015.04.04"]
[EventType "swiss"]
[EventRounds "5"]
[EventCountry "CAN"]

1. b4 e6 2. Bb2 Nf6 3. a3 b6 4. Nf3 Be7 5. g3 Bb7 6. Bg2 O-O 7. O-O d6 8. c4 c5
9. d4 cxd4 10. Nxd4 Bxg2 11. Kxg2 Qc7 12. Nd2 Nc6 13. Nb5 Qb8 14. e4 a6 15. Nc3
Qb7 16. Kg1 Rac8 17. f4 Rfd8 18. Nb3 d5 19. cxd5 exd5 20. e5 d4 21. Ne2 Ne4 22.
Qd3 Nc3 23. Nexd4 Nxd4 24. Nxd4 Nb5 25. Rac1 Rxc1 26. Rxc1 Qd5 27. Rd1 a5 28.
bxa5 Nxd4 29. Qxd4 Bc5 0-1

[Event "2015 Alberta Reserves"]
[Site "Calgary"]
[Date "2015.04.04"]
[Round "2.5"]
[White "Sklenka, Steve"]
[Black "Zhao, Ian"]
[Result "1/2-1/2"]
[WhiteElo "1585"]
[BlackElo "1639"]
[PlyCount "44"]
[EventDate "2015.04.04"]
[EventType "swiss"]
[EventRounds "5"]
[EventCountry "CAN"]

1. d4 Nf6 2. c4 e6 3. Nc3 d5 4. cxd5 exd5 5. Nf3 Be6 6. e3 Be7 7. Bd3 h6 8. O-O
O-O 9. a3 c6 10. b4 b5 11. Ne5 Qc8 12. Bd2 Nbd7 13. Nf3 Bd6 14. Rc1 Qb7 15. Re1
Rac8 16. e4 dxe4 17. Nxe4 Nxe4 18. Bxe4 Nf6 19. Bd3 Nd5 20. Ne5 Bxe5 21. Rxe5
Rfe8 22. Qe2 Bd7 1/2-1/2

[Event "2015 Alberta Reserves"]
[Site "Calgary"]
[Date "2015.04.04"]
[Round "3.1"]
[White "Nguyen, Kim"]
[Black "Shi, Diwen"]
[Result "0-1"]
[WhiteElo "2231"]
[BlackElo "2201"]
[PlyCount "92"]
[EventDate "2015.04.04"]
[EventType "swiss"]
[EventRounds "5"]
[EventCountry "CAN"]

1. e4 c5 2. Nf3 d6 3. Bb5+ Bd7 4. Bxd7+ Qxd7 5. c4 Nc6 6. Nc3 g6 7. d4 cxd4 8.
Nxd4 Bg7 9. Nde2 Nf6 10. f3 O-O 11. O-O Rac8 12. Be3 Rfe8 13. Qd2 Qc7 14. b3 a6
15. Rab1 Qa5 16. a4 Red8 17. Rfd1 e6 18. Bg5 Rd7 19. Bh4 h6 20. Qe3 Qc5 21.
Qxc5 dxc5 22. Rxd7 Nxd7 23. Rd1 Nf8 24. Rd3 Nd4 25. Nc1 g5 26. Be1 Ng6 27. Kf1
Nf4 28. Rd1 Nc2 29. Rd2 Nxe1 30. Nd1 Nexg2 31. Rd7 b6 32. Ne2 Nxe2 33. Kxe2
Nf4+ 34. Kd2 Bf6 35. Kc2 Ne2 36. Kd3 Nd4 37. Nf2 Nxf3 38. Ng4 Ne5+ 39. Nxe5
Bxe5 40. Rb7 Bc7 41. h3 a5 42. e5 Kf8 43. Ke4 Ke7 44. Kf3 Kd7 45. Kg4 Rh8 46.
Kh5 Kc8 0-1

[Event "2015 Alberta Reserves"]
[Site "Calgary"]
[Date "2015.04.04"]
[Round "3.4"]
[White "Persaud, Hemant"]
[Black "Koneru, Nimai"]
[Result "1-0"]
[WhiteElo "1764"]
[BlackElo "1619"]
[PlyCount "103"]
[EventDate "2015.04.04"]
[EventType "swiss"]
[EventRounds "5"]
[EventCountry "CAN"]

1. d4 d5 2. c4 e6 3. Nc3 Nf6 4. cxd5 exd5 5. Bg5 Be7 6. e3 c6 7. Qc2 Nbd7 8.
Bd3 Nh5 9. Bxe7 Qxe7 10. Nge2 g6 11. O-O-O Ndf6 12. h3 Ng7 13. g4 Be6 14. Ng3
O-O-O 15. Rhe1 Nd7 16. Kb1 Nb6 17. f4 Qc7 18. Qf2 f5 19. g5 h6 20. h4 hxg5 21.
hxg5 Rde8 22. Rh1 Kb8 23. Rh6 Rxh6 24. gxh6 Nh5 25. Nxh5 gxh5 26. Rh1 Bf7 27.
Bxf5 Nc4 28. Nd1 Qe7 29. Rh3 Qf6 30. Bd3 Bg6 31. f5 Bf7 32. Bxc4 dxc4 33. Qf4+
Ka8 34. Nc3 Rh8 35. Ne4 Qxh6 36. Qxh6 Rxh6 37. Ng5 Be8 38. e4 Rf6 39. Kc2 b5
40. Kc3 a5 41. a4 Kb7 42. axb5 cxb5 43. Rf3 Bd7 44. d5 Kc7 45. Kd4 Kd8 46. Ke5
Ke7 47. Nh7 Rh6 48. d6+ Kf7 49. Ng5+ Kf8 50. Ne6+ Kf7 51. Nc5 Ke8 52. f6 1-0

[Event "2015 Alberta Reserves"]
[Site "Calgary"]
[Date "2015.04.04"]
[Round "3.5"]
[White "Zhao, Ian"]
[Black "Kluytmans, Frank"]
[Result "1/2-1/2"]
[WhiteElo "1639"]
[BlackElo "1653"]
[PlyCount "52"]
[EventDate "2015.04.04"]
[EventType "swiss"]
[EventRounds "5"]
[EventCountry "CAN"]

1. e4 Nf6 2. e5 Nd5 3. c4 Nb6 4. d4 d6 5. exd6 cxd6 6. Nf3 g6 7. Nc3 Bg7 8. Be3
Nc6 9. Bd3 O-O 10. O-O Bg4 11. h3 Bxf3 12. Qxf3 Nxd4 13. Qxb7 Qd7 14. Qxd7 Nxd7
15. Rfd1 Nc6 16. Rac1 Rfc8 17. b3 Rab8 18. Be4 a6 19. Bxc6 Rxc6 20. Nd5 Kf8 21.
Bf4 Ne5 22. Be3 a5 23. f4 Nd7 24. Nc3 Bxc3 25. Rxc3 Nc5 26. Bxc5 Rxc5 1/2-1/2

[Event "2015 Alberta Reserves"]
[Site "Calgary"]
[Date "2015.04.05"]
[Round "4.1"]
[White "Shi, Diwen"]
[Black "Zeggelaar, Mike"]
[Result "1-0"]
[WhiteElo "2201"]
[BlackElo "1969"]
[PlyCount "79"]
[EventDate "2015.04.04"]
[EventType "swiss"]
[EventRounds "5"]
[EventCountry "CAN"]

1. e4 e6 2. d4 d5 3. Nc3 Nf6 4. Bg5 Be7 5. e5 Nfd7 6. h4 O-O 7. Qg4 f5 8. Bxe7
Qxe7 9. Qg5 Qb4 10. O-O-O c5 11. Qe7 Nb6 12. f4 Na4 13. Nxa4 Qxa4 14. Rh3 Nc6
15. Qxc5 b6 16. Qa3 Qxa3 17. Rxa3 Bd7 18. Nf3 Rfc8 19. Kb1 h6 20. Ba6 Rc7 21.
Rc3 Bc8 22. Be2 Bd7 23. Rc1 Kf7 24. Ra3 Na5 25. b3 Rc3 26. Kb2 Rac8 27. Bd3 Kg6
28. g4 Rxd3 29. h5+ Kh7 30. cxd3 Rxc1 31. Kxc1 fxg4 32. Nh4 Be8 33. Kd2 Bxh5
34. f5 g5 35. fxg6+ Bxg6 36. b4 Nc6 37. b5 Na5 38. Rc3 Bf5 39. Rc7+ Kg8 40.
Rxa7 1-0

[Event "2015 Alberta Reserves"]
[Site "Calgary"]
[Date "2015.04.05"]
[Round "4.5"]
[White "Timmerman, Brian"]
[Black "Zhao, Ian"]
[Result "0-1"]
[WhiteElo "1398"]
[BlackElo "1639"]
[PlyCount "46"]
[EventDate "2015.04.04"]
[EventType "swiss"]
[EventRounds "5"]
[EventCountry "CAN"]

1. e4 e5 2. f4 Bc5 3. Nf3 exf4 4. d4 Bb4+ 5. c3 Be7 6. Bxf4 Nf6 7. Nbd2 d6 8.
Bc4 O-O 9. O-O d5 10. Bd3 dxe4 11. Nxe4 Bg4 12. Qc2 h6 13. Ne5 Nbd7 14. Qb3 Rb8
15. Ng6 Re8 16. Nxf6+ Bxf6 17. Bc4 Be6 18. Bxe6 Rxe6 19. d5 Rb6 20. Qc4 Rc8 21.
Rae1 fxg6 22. Bxc7 Rxc7 23. d6+ Rxc4 0-1

[Event "2015 Alberta Reserves"]
[Site "Calgary"]
[Date "2015.04.05"]
[Round "5.1"]
[White "Zeggelaar, Mike"]
[Black "Nguyen, Kim"]
[Result "0-1"]
[WhiteElo "1969"]
[BlackElo "2231"]
[PlyCount "66"]
[EventDate "2015.04.04"]
[EventType "swiss"]
[EventRounds "5"]
[EventCountry "CAN"]

1. e4 d5 2. exd5 Qxd5 3. Nc3 Qd6 4. Nf3 Nf6 5. Bc4 c6 6. O-O Bg4 7. d3 Nbd7 8.
Re1 e6 9. Qe2 Be7 10. Bg5 Qc5 11. Bxf6 Nxf6 12. Qe5 Bxf3 13. Qxc5 Bxc5 14. gxf3
Bb4 15. Kg2 O-O-O 16. f4 g6 17. Re2 Bxc3 18. bxc3 Kc7 19. a4 Nh5 20. Kf3 Ng7
21. Rb1 h5 22. Rb2 Nf5 23. Re1 Nd6 24. Ba2 Rhe8 25. Rbb1 b6 26. Re2 a6 27. h3
Nb7 28. Rg1 Nc5 29. Bb3 Nxb3 30. cxb3 Rxd3+ 31. Re3 Red8 32. Ke4 Rd2 33. Rg2 a5
0-1

[Event "2015 Alberta Reserves"]
[Site "Calgary"]
[Date "2015.04.05"]
[Round "5.3"]
[White "Zhao, Ian"]
[Black "Koneru, Nimai"]
[Result "1-0"]
[WhiteElo "1639"]
[BlackElo "1619"]
[PlyCount "55"]
[EventDate "2015.04.04"]
[EventType "swiss"]
[EventRounds "5"]
[EventCountry "CAN"]

1. e4 c6 2. d4 d5 3. e5 Bf5 4. Bd3 Bxd3 5. Qxd3 e6 6. f4 Nd7 7. Nf3 Ne7 8. Be3
Nf5 9. Nbd2 Nxe3 10. Qxe3 Be7 11. O-O O-O 12. c3 c5 13. Rfe1 Rb8 14. Nf1 Qc7
15. Ng3 a6 16. Rac1 a5 17. f5 b5 18. Ng5 Bxg5 19. Qxg5 h6 20. Qg4 Rbe8 21. Nh5
g6 22. fxg6 f5 23. Qf4 Qd8 24. Qxh6 Qe7 25. g7 Kf7 26. gxf8=Q+ Qxf8 27. Qh7+
Qg7 28. Qxg7# 1-0

[Event "2015 Alberta Reserves"]
[Site "Calgary"]
[Date "2015.04.05"]
[Round "5.4"]
[White "Kluytmans, Frank"]
[Black "Timmerman, Brian"]
[Result "1/2-1/2"]
[WhiteElo "1653"]
[BlackElo "1398"]
[PlyCount "30"]
[EventDate "2015.04.04"]
[EventType "swiss"]
[EventRounds "5"]
[EventCountry "CAN"]

1. e4 c6 2. d4 d5 3. Nc3 dxe4 4. Nxe4 Bf5 5. Ng3 Bg6 6. h4 h6 7. h5 Bh7 8. Bd3
Bxd3 9. Qxd3 e6 10. Bd2 Nf6 11. O-O-O Be7 12. N1e2 Nbd7 13. c4 c5 14. dxc5 Nxc5
15. Qxd8+ Rxd8 1/2-1/2

[Event "2015 Alberta Seniors"]
[Site "Edmonton"]
[Date "2015.04.25"]
[Round "1.1"]
[White "Aspler, Gerald"]
[Black "Purewal, Sardul"]
[Result "0-1"]
[WhiteElo "1799"]
[BlackElo "1964"]
[PlyCount "98"]
[EventDate "2015.04.25"]
[EventType "swiss"]
[EventRounds "5"]
[EventCountry "CAN"]

1. d4 d5 2. Nf3 c6 3. Bf4 Nf6 4. h3 e6 5. e3 Qb6 6. Qc1 c5 7. c3 cxd4 8. exd4
Nc6 9. Bd3 Bd7 10. O-O Be7 11. Nbd2 Rc8 12. Re1 O-O 13. Qb1 h6 14. Ne5 Nxe5 15.
Bxe5 Bb5 16. Bc2 Nd7 17. Bg3 Bd6 18. Bxd6 Qxd6 19. Nf3 Qf4 20. a4 Ba6 21. a5
Rfe8 22. Ba4 Re7 23. Bxd7 Rxd7 24. Re3 Rdc7 25. Ne5 Qg5 26. Qd1 Qf5 27. Qd2 Qf4
28. g3 Qg5 29. h4 Qh5 30. Kg2 Qf5 31. Rf3 Qh7 32. Re1 Bb5 33. Qf4 Be8 34. Nd3
Qg6 35. g4 f6 36. h5 Qg5 37. Qg3 Bf7 38. Nf4 e5 39. Nh3 Qd2 40. Ree3 e4 41. Rf4
Qxb2 42. g5 fxg5 43. Nxg5 hxg5 44. Qxg5 Qa3 45. h6 Be6 46. Qg6 Qe7 47. Rg3 Rxc3
48. Rxc3 Rxc3 49. hxg7 Qxg7 0-1

[Event "2015 Alberta Seniors"]
[Site "Edmonton"]
[Date "2015.04.25"]
[Round "1.2"]
[White "Willis, Bradley"]
[Black "Seehagen, Terry"]
[Result "1-0"]
[WhiteElo "2002"]
[BlackElo "1726"]
[PlyCount "57"]
[EventDate "2015.04.25"]
[EventType "swiss"]
[EventRounds "5"]
[EventCountry "CAN"]

1. e4 d5 2. exd5 Nf6 3. d4 c6 4. Bd3 cxd5 5. c3 Nc6 6. Bf4 g6 7. Nf3 Bg7 8. h3
O-O 9. O-O Bd7 10. Re1 a6 11. Nbd2 Re8 12. Ne5 Qc8 13. g4 Be6 14. Ndf3 Nd7 15.
Qe2 Ndxe5 16. Nxe5 Na5 17. Rac1 Nc4 18. Nxc4 dxc4 19. Be4 Bd7 20. Bd5 b5 21.
Qf3 Ra7 22. Bxf7+ Kxf7 23. Bb8+ Kg8 24. Bxa7 Rf8 25. Qe2 Qb7 26. Bc5 Bc6 27.
Qxe7 Qa8 28. Qe6+ Rf7 29. d5 1-0

[Event "2015 Alberta Seniors"]
[Site "Edmonton"]
[Date "2015.04.25"]
[Round "1.3"]
[White "Blyznyuk, Volodymyr"]
[Black "McKay, Arnold"]
[Result "0-1"]
[WhiteElo "1440"]
[BlackElo "1850"]
[PlyCount "62"]
[EventDate "2015.04.25"]
[EventType "swiss"]
[EventRounds "5"]
[EventCountry "CAN"]

1. e4 c5 2. Nf3 d6 3. d4 cxd4 4. Nxd4 Nf6 5. Nc3 a6 6. Bd3 e6 7. Bg5 Be7 8. Qe2
Qc7 9. f4 h6 10. Bh4 Nxe4 11. Bxe7 Nxc3 12. Qd2 Qxe7 13. Qxc3 O-O 14. O-O Nd7
15. f5 e5 16. Ne6 fxe6 17. fxe6 Nf6 18. Bg6 Bxe6 19. Qg3 Nd5 20. Be4 Rf6 21.
Rxf6 Nxf6 22. Bd3 e4 23. Be2 d5 24. c3 Rf8 25. Qe5 Nd7 26. Qc7 Qc5+ 27. Qxc5
Nxc5 28. Rd1 b5 29. b3 Rf6 30. Rd4 Kf7 31. b4 Na4 0-1

[Event "2015 Alberta Seniors"]
[Site "Edmonton"]
[Date "2015.04.25"]
[Round "2.1"]
[White "Purewal, Sardul"]
[Black "Willis, Bradley"]
[Result "1/2-1/2"]
[WhiteElo "1964"]
[BlackElo "2002"]
[PlyCount "67"]
[EventDate "2015.04.25"]
[EventType "swiss"]
[EventRounds "5"]
[EventCountry "CAN"]

1. d4 f5 2. g3 Nf6 3. Nf3 e6 4. c4 Bb4+ 5. Bd2 a5 6. Nc3 O-O 7. Bg2 d6 8. a3
Bxc3 9. Bxc3 Ne4 10. e3 Nd7 11. Nd2 Nxc3 12. bxc3 Qe8 13. Rb1 Rb8 14. Qa4 b6
15. O-O Bb7 16. Bxb7 Rxb7 17. Qc6 Ra7 18. a4 Nf6 19. Qxe8 Rxe8 20. Rb5 Nd7 21.
Rb2 e5 22. Rfb1 Raa8 23. Re1 Re7 24. Rbb1 Rae8 25. Kf1 g5 26. Nb3 c5 27. d5 e4
28. Nd2 g4 29. Kg2 Kg7 30. h4 gxh3+ 31. Kxh3 h5 32. Kg2 Kf6 33. Rh1 Rh7 34. Rh4
1/2-1/2

[Event "2015 Alberta Seniors"]
[Site "Edmonton"]
[Date "2015.04.25"]
[Round "2.2"]
[White "McKay, Arnold"]
[Black "Charland, Pierre"]
[Result "1-0"]
[WhiteElo "1850"]
[BlackElo "1494"]
[PlyCount "99"]
[EventDate "2015.04.25"]
[EventType "swiss"]
[EventRounds "5"]
[EventCountry "CAN"]

1. e4 e5 2. Nf3 Nc6 3. Bc4 h6 4. O-O Nf6 5. d3 Bc5 6. c3 O-O 7. Bb3 b6 8. d4
exd4 9. cxd4 Bb4 10. Bc2 d5 11. e5 Ne4 12. a3 Be7 13. h3 Na5 14. Nc3 Nxc3 15.
bxc3 c5 16. Qd3 g6 17. Bxh6 Bf5 18. Qe2 Re8 19. Bxf5 gxf5 20. Qe3 Nc4 21. Qf4
Kh7 22. Bg5 Rh8 23. Qh4+ Kg6 24. Bxe7 Rxh4 25. Bxd8 Re4 26. Bf6 Rc8 27. Rfe1
cxd4 28. cxd4 a5 29. a4 Nb2 30. Nh4+ Kh7 31. Nxf5 Rxe1+ 32. Rxe1 Nxa4 33. Nd6
Rb8 34. Nxf7 b5 35. e6 b4 36. e7 b3 37. e8=Q Rxe8 38. Rxe8 b2 39. Rb8 Kg6 40.
Bd8 Kxf7 41. Bxa5 Kf6 42. g4 Kg5 43. Bc7 Kf6 44. Kf1 Ke6 45. Ke1 Kd7 46. Bf4
Kc6 47. Kd2 Nb6 48. Kc2 Nc4 49. Rxb2 Nxb2 50. Kxb2 1-0

[Event "2015 Alberta Seniors"]
[Site "Edmonton"]
[Date "2015.04.25"]
[Round "2.4"]
[White "Seehagen, Terry"]
[Black "Blyznyuk, Volodymyr"]
[Result "1-0"]
[WhiteElo "1726"]
[BlackElo "1440"]
[PlyCount "47"]
[EventDate "2015.04.25"]
[EventType "swiss"]
[EventRounds "5"]
[EventCountry "CAN"]

1. e4 e6 2. d4 d5 3. Nc3 Nf6 4. Bg5 Be7 5. e5 Nfd7 6. h4 c5 7. Nb5 Qa5+ 8. c3
cxd4 9. Bxe7 Kxe7 10. b4 Qb6 11. cxd4 Nc6 12. a4 a5 13. Nf3 Nxb4 14. Be2 f6 15.
O-O fxe5 16. dxe5 Nc6 17. Re1 Ndxe5 18. Nxe5 Nxe5 19. Bh5 Rf8 20. Ra2 Rf5 21.
Nd4 Rf4 22. Nb5 Ng4 23. Bxg4 Rxg4 24. Qxg4 1-0

[Event "2015 Alberta Seniors"]
[Site "Edmonton"]
[Date "2015.04.25"]
[Round "3.1"]
[White "Charland, Pierre"]
[Black "Purewal, Sardul"]
[Result "0-1"]
[WhiteElo "1494"]
[BlackElo "1964"]
[PlyCount "60"]
[EventDate "2015.04.25"]
[EventType "swiss"]
[EventRounds "5"]
[EventCountry "CAN"]

1. e4 e5 2. f4 exf4 3. Nf3 d6 4. Bc4 Qe7 5. d3 g5 6. O-O Be6 7. Re1 Bxc4 8.
dxc4 f6 9. Nc3 c6 10. Nd5 Qf7 11. Nc3 Qxc4 12. e5 Qc5+ 13. Qd4 Qxd4+ 14. Nxd4
dxe5 15. Ne6 Na6 16. h4 h6 17. hxg5 hxg5 18. Bxf4 gxf4 19. Nxf4 Bc5+ 20. Kf1
Rh1+ 21. Ke2 Rxe1+ 22. Rxe1 exf4 23. Kf3+ Kf7 24. Kxf4 Bb4 25. Rh1 Bxc3 26.
bxc3 Ne7 27. Rd1 Nc5 28. g4 Nd5+ 29. Kg3 Ne4+ 30. Kh4 Rh8# 0-1